Spravodlivosť zahalená hustou hmlou mnohé umelecké zbierky skonfiškované nacistami vyvolávajú ešte aj dnes množstvo otáznikov (3)

Bibliographic Details
Main Author: Gavalier, Michal (Author)
Format: Article
Language:Slovak
PhysicalDescription:Fotogr.
ISSN:1336-6629
Subjects:

MARC

LEADER 00000nab a2200000 ar4500
001 vtls008901242
003 SK-MaSNL
005 20260304134530.0
008 250505c2006 xo zr|p|||||||000 b|slo
015 |a SNBRB2006/12  |2 snkbucl 
035 |a (uuid)77d2e05b-784c-45f1-a2c6-aae1f2dd266d 
035 |a urn:nbn:sk:snk-abf4vk 
035 |a (urnnbn)urn:nbn:sk:snk:ar-a09ta1 
038 |a SNKBUCL 
040 |a SNKBUCL  |b slo  |c SNKBUCL  |e AACR2 
041 0 |a slo 
044 |a xo  |c SK 
080 |a 73/76:347.232.1  |2 2001 
080 |a 329.18-051:73/76:347.232.1  |x (430)  |2 2001 
100 1 |a Gavalier, Michal  |4 aut  |9 7458 
245 1 0 |a Spravodlivosť zahalená hustou hmlou  |b mnohé umelecké zbierky skonfiškované nacistami vyvolávajú ešte aj dnes množstvo otáznikov  |n (3)  |c Michal Gavalier 
300 |b Fotogr. 
500 |a Koniec 
650 0 7 |a umelecké diela  |x reštitúcie  |2 snkbucl  |9 1452574 
650 0 7 |a umelecké diela  |x nacisti  |x vojna svetová, 1939-1945  |2 snkbucl  |9 1452575 
773 0 |t Antik  |g Roč. 2, č. 9 (2006), s. 54-59  |x 1336-6629 
850 |a Slovenská národná knižnica 
852 |a Slovenská národná knižnica 
954 |a odborná, vedecká literatúra pôvodná (slovenská)  |2 lita 
958 |a article2022 
958 |a OND 
958 |a EUIPO 
999 |c 2907136  |d 2909066